K problematice hodnocení programů aktivní politiky zaměstnanosti. 1

Vyhodnocovanie programov aktívnej politiky zamestnanosti. Bežné kritériá pre hodnotenie úspechu politiky trhu práce. Sledovanie nákladov na osobu, ktorá už nepracuje. Vytváranie pracovných miest, zamestnanosť, zvýšenie mzdy. Vyhodnocovanie politiky zamestnanosti v USA.

Gespeichert in:
Bibliographische Detailangaben
1. Verfasser: Caruth, A.
Format: Buchkapitel
Sprache:Tschechisch
Schlagworte:
Tags: Tag hinzufügen
Keine Tags, Fügen Sie das erste Tag hinzu!

MARC

LEADER 00000naa a2200000 4500
001 r023721
005 20221205091023.2
041 0 |a cze 
044 |a CZ 
245 1 0 |a K problematice hodnocení programů aktivní politiky zaměstnanosti. 1  |c A. Caruth 
520 |a Vyhodnocovanie programov aktívnej politiky zamestnanosti. Bežné kritériá pre hodnotenie úspechu politiky trhu práce. Sledovanie nákladov na osobu, ktorá už nepracuje. Vytváranie pracovných miest, zamestnanosť, zvýšenie mzdy. Vyhodnocovanie politiky zamestnanosti v USA. 
610 2 0 |a zamestnanosť 
610 2 0 |a trh práce 
610 2 0 |a nezamestnanosť 
610 2 0 |a náklady personálne 
610 2 0 |a miesta pracovné 
610 2 0 |a mzdy 
610 2 0 |a programy sociálne 
610 2 0 |a USA 
610 2 0 |a západná Európa 
100 1 |a Caruth, A.